000 01019nac a22002891i 4500
003 EG-ScBUE
005 20250128090126.0
008 091104r20011995enka f 001 0 eng d
020 _a043592303X
020 _a9780435923037
040 _aEG-ScBUE
_beng
_erda
_cEG-ScBUE
_dEG-ScBUE
082 0 4 _a530
_bNEL
_222
100 1 _aNelkon, Michael,
_eauthor.
_99159
245 1 0 _aAdvanced level physics /
_cMichael Nelkon, formerly head of the science Department William Ellis School, London, P. Parker, late senior lecture in physics, The City University, London.
250 _aSeventh edition.
250 _aReprint edition.
264 1 _aOxford :
_bWilliam Heinemann,
_c2001.
300 _axv, 927 pages :
_billustrations ;
_e23 cm
336 _2rdacontent
_atext
_btxt
337 _aunmediated
_2rdamedia
_bn
338 _avolume
_bnc
_2rdacarrier
500 _aIncludes index.
650 7 _aPhysics.
_2BUEsh
_99160
655 _vReading book
700 1 _aParker, Philip,
_eauthor.
_99161
942 _cBB
_2ddc
999 _c1572
_d1572